LEADER 01583nam a2200349 a 4500 001 000000129178 003 CaOOAMICUS 005 20120606093844.0 008 120606s2012 it u000 u ita r 020 $a978-88-372-2474-5 040 $aPUL$bita 041 1 $aita$heng 082 04$a220 100 1 $aNeusner, Jacob,$d1932-$0(OLS)http://pul/name/19439 240 10$aParsing the Torah.$lItaliano.$0(OLS)http://pul/title/163232 245 10$aAnalizzando la Torah :$bcapitoli di autobiografia intellettuale /$cJacob Neuber ; a cura di Andrea Nicoletti. 260 $aBrescia :$bMorcelliana,$cİ2012. 300 $a411 p. ;$c23 cm 490 1 $aAntico e Nuovo Testamento ;$v12 504 $aContiene riferimenti bibliografici ed indice. 630 04$aBiblia.$pV.T.$pPentateuchus$xCritica e interpretazione.$0(OLS)http://pul/subject/638 630 04$aTorah$xCritica e interpretazione.$0(OLS)http://pul/subject/36113 700 1 $aNicolotti, Andrea.$0(OLS)http://pul/name/82690 830 0$aAntico e Nuovo Testamento (Morcelliana) ;$v12.$0(OLS)http://pul/title/143086 850 $aPUL 852 $aPUL$W1$xSL Religione 3$y85$m220 COLL 5.12$j149584$qDDC 21$B148110$CPULBib$Z2$F148110 $H119764 $82 941 1 $a9 996 $6020$a978-88-372-2474-5$9(OLS)http://pul/number/149904 996 $6082$a220$9(OLS)http://pul/classification/523 996 $6245$aAnalizzando la Torah :$bcapitoli di autobiografia intellettuale$9(OLS)http://pul/title/163233 996 $6260$aBrescia :$bMorcelliana$9(OLS)http://pul/publisher/47854 LEADER 01959nam a2200385 u 4500 001 000000058119 003 CaOOAMICUS 005 20130507132605.0 008 010525s1994 it h u000 u ita u 020 $a8802047839 (v.1) 020 $a8802047847 (v.2) 020 $a8802047839 (v.3) 035 $a10890437 040 $aPUL(R)$bita 130 0 $aApocrypha.$pN.T.$lItaliano$f1994.$0(OLS)http://pul/title/77835 245 10$aApocrifi del Nuovo Testamento /$ca cura di Luigi Moraldi. 260 $aTorino :$bUTET,$c1994. 300 $a3 v. :$bfac-sim. ;$c23 cm 490 1 $aClassici UTET 490 1 $aClassici delle religioni.$aSezione quinta, Altre confessioni cristiane ;$v24, 1-3 505 0 $av.1. Vangeli -- v.2. Atti degli Apostoli -- v.3. Lettere Dormizione di Maria. Apocalissi. 700 1 $aMoraldi, Luigi,$cI.M.C.$0(OLS)http://pul/name/13567 830 0$aClassici delle religioni (UTET).$nSezione quinta,$pAltre confessioni cristiane ;$v24, 1-3.$0(OLS)http://pul/title/5714 830 0$aClassici UTET.$0(OLS)http://pul/title/1243 850 $aPUL 852 $aPUL$W1$xSL Religione 3$y85$m200. 3 COLL 3.24.2.1$j153770$nBK-PRI$av.1$qDDC 21$B75948$CPULBib$Z2$F75948 $H72994 $82 852 $aPUL$W1$xSL Religione 3$y85$m200. 3 COLL 3.24.2.2$j153771$nBK-PRI$av.2$qDDC 21$B153356$CPULBib$Z2$F153356 $H72995 $82 852 $aPUL$W1$xSL Religione 3$y85$m200. 3 COLL 3.24.2.3$j153772$nBK-PRI$av.3$qDDC 21$B153357$CPULBib$Z2$F153357 $H72996 $82 941 1 $a9 961 $aINV: 72994-72995-72996 996 $6020$a8802047839 (v.1)$9(OLS)http://pul/number/73599 996 $6020$a8802047847 (v.2)$9(OLS)http://pul/number/73600 996 $6020$a8802047839 (v.3)$9(OLS)http://pul/number/73601 996 $6245$aApocrifi del Nuovo Testamento$9(OLS)http://pul/title/77695 996 $6260$aTorino :$bUTET$9(OLS)http://pul/publisher/48088